000 00772nam a2200253Ia 4500
003 OSt
005 20220925215211.0
006 a|||||r|||| 00| 0
007 ta
008 220923b |||||||| |||| 00| 0 eng d
020 _a0435824171
037 _cGeneral Book
040 _aRTL
_cRTL
_beng
041 _2eng
_aeng
082 _aY49.3.M90<---L80, M2
100 _aHolbrook-Jones Mike
_9152313
245 0 _aSupremacy and subordination of labour
_b the hierarchy of work in the early labour movement
260 _aLondon
_bHeinemann
_c1982
300 _axi,220p
_ccm.
500 _aBibliography: p 201-209
650 _aWorking Class
942 _hY49.3.M90<---L80, M2
_cGB
_2CC
999 _c568209
_d568209